| 000 | 00664nam a22002057a 4500 | ||
|---|---|---|---|
| 003 | OSt | ||
| 005 | 20250702060700.0 | ||
| 008 | 250702b |||||||| |||| 00| 0 eng d | ||
| 020 | _a978-621-8029-16-3 | ||
| 040 |
_aDWCL - Main Lib _cOC |
||
| 082 | _aFil. 657.044 M645i 2019 | ||
| 100 | _aMillan, Zeus Vernon B. | ||
| 245 |
_aIntermediate accounting 1B/ _cZeus Vernon B. Millan |
||
| 250 | _a2019 edition | ||
| 260 |
_aBaguio City, Philippines: _bBandolin Enterprise, _cc2019. |
||
| 300 |
_axii, 538 pages: _billustrations; _c21cm. |
||
| 504 | _aIncludes bibliographical references. | ||
| 650 | _a1. Accounting. | ||
| 942 |
_2ddc _cBK - FIL _e2019 edition _kFil. _n0 |
||
| 999 |
_c3347 _d3347 |
||